<?xml version="1.0" encoding="UTF-8"?>
<collection xmlns="http://www.loc.gov/MARC21/slim">
 <record>
  <leader>04135cam a2200793 c 4500</leader>
  <controlfield tag="001">18566041X</controlfield>
  <controlfield tag="003">DE-627</controlfield>
  <controlfield tag="005">20260218170244.0</controlfield>
  <controlfield tag="007">tu</controlfield>
  <controlfield tag="008">950627s1994    it ||||| c    00| ||ita c</controlfield>
  <datafield tag="010" ind1=" " ind2=" ">
   <subfield code="a">   95140753 </subfield>
  </datafield>
  <datafield tag="020" ind1=" " ind2=" ">
   <subfield code="a">8886291124</subfield>
  </datafield>
  <datafield tag="020" ind1=" " ind2=" ">
   <subfield code="a">8886291086</subfield>
  </datafield>
  <datafield tag="035" ind1=" " ind2=" ">
   <subfield code="a">(DE-627)18566041X</subfield>
  </datafield>
  <datafield tag="035" ind1=" " ind2=" ">
   <subfield code="a">(DE-603)333031970</subfield>
  </datafield>
  <datafield tag="035" ind1=" " ind2=" ">
   <subfield code="a">(DE-576)044400977</subfield>
  </datafield>
  <datafield tag="035" ind1=" " ind2=" ">
   <subfield code="a">(DE-599)GBV18566041X</subfield>
  </datafield>
  <datafield tag="035" ind1=" " ind2=" ">
   <subfield code="a">(OCoLC)31806872</subfield>
  </datafield>
  <datafield tag="035" ind1=" " ind2=" ">
   <subfield code="a">(OCoLC)260182564</subfield>
  </datafield>
  <datafield tag="035" ind1=" " ind2=" ">
   <subfield code="a">(DE-604)8105622273</subfield>
  </datafield>
  <datafield tag="040" ind1=" " ind2=" ">
   <subfield code="a">DE-627</subfield>
   <subfield code="b">ger</subfield>
   <subfield code="c">DE-627</subfield>
   <subfield code="e">rakwb</subfield>
  </datafield>
  <datafield tag="041" ind1=" " ind2=" ">
   <subfield code="a">ita</subfield>
  </datafield>
  <datafield tag="044" ind1=" " ind2=" ">
   <subfield code="c">XA-IT</subfield>
  </datafield>
  <datafield tag="050" ind1=" " ind2="0">
   <subfield code="a">ND588.H223</subfield>
  </datafield>
  <datafield tag="050" ind1=" " ind2="0">
   <subfield code="a">ND</subfield>
  </datafield>
  <datafield tag="082" ind1="0" ind2=" ">
   <subfield code="a">759.5</subfield>
   <subfield code="q">OCLC</subfield>
   <subfield code="2">20</subfield>
  </datafield>
  <datafield tag="082" ind1="0" ind2=" ">
   <subfield code="a">759</subfield>
  </datafield>
  <datafield tag="084" ind1=" " ind2=" ">
   <subfield code="a">9,10</subfield>
   <subfield code="2">ssgn</subfield>
  </datafield>
  <datafield tag="084" ind1=" " ind2=" ">
   <subfield code="a">LI 37810</subfield>
   <subfield code="2">rvk</subfield>
   <subfield code="0">(DE-625)rvk/96186:</subfield>
  </datafield>
  <datafield tag="084" ind1=" " ind2=" ">
   <subfield code="a">20.31</subfield>
   <subfield code="2">bkl</subfield>
  </datafield>
  <datafield tag="084" ind1=" " ind2=" ">
   <subfield code="a">21.02</subfield>
   <subfield code="2">bkl</subfield>
  </datafield>
  <datafield tag="084" ind1=" " ind2=" ">
   <subfield code="a">20.22</subfield>
   <subfield code="2">bkl</subfield>
  </datafield>
  <datafield tag="245" ind1="0" ind2="3">
   <subfield code="a">Il paesaggio secondo natura</subfield>
   <subfield code="b">Jacob Philipp Hackert e la sua cerchia ; Palazzo delle Esposizioni ... Roma, 14 luglio - 30 settembre 1994</subfield>
   <subfield code="c">Comune di Roma, Assessorato alla Cultura ; Regione Lazio, Assessorato alla Cultura, Assessorato al Turismo. [A cura di Paolo Chiarini]</subfield>
  </datafield>
  <datafield tag="264" ind1=" " ind2="1">
   <subfield code="a">Roma</subfield>
   <subfield code="b">Artemide</subfield>
   <subfield code="c">1994</subfield>
  </datafield>
  <datafield tag="300" ind1=" " ind2=" ">
   <subfield code="a">367 S</subfield>
   <subfield code="b">zahlr. Ill</subfield>
   <subfield code="c">34 cm</subfield>
  </datafield>
  <datafield tag="336" ind1=" " ind2=" ">
   <subfield code="a">Text</subfield>
   <subfield code="b">txt</subfield>
   <subfield code="2">rdacontent</subfield>
  </datafield>
  <datafield tag="336" ind1=" " ind2=" ">
   <subfield code="a">unbewegtes Bild</subfield>
   <subfield code="b">sti</subfield>
   <subfield code="2">rdacontent</subfield>
  </datafield>
  <datafield tag="337" ind1=" " ind2=" ">
   <subfield code="a">ohne Hilfsmittel zu benutzen</subfield>
   <subfield code="b">n</subfield>
   <subfield code="2">rdamedia</subfield>
  </datafield>
  <datafield tag="338" ind1=" " ind2=" ">
   <subfield code="a">Band</subfield>
   <subfield code="b">nc</subfield>
   <subfield code="2">rdacarrier</subfield>
  </datafield>
  <datafield tag="361" ind1="1" ind2=" ">
   <subfield code="5">DE-32</subfield>
   <subfield code="y">221593179</subfield>
   <subfield code="s">144122 - B</subfield>
   <subfield code="o">Vorbesitz</subfield>
   <subfield code="a">Goethe-Nationalmuseum</subfield>
   <subfield code="0">(DE-588)2049358-7</subfield>
   <subfield code="0">(DE-627)103007687</subfield>
   <subfield code="0">(DE-576)191976814</subfield>
   <subfield code="f">Stempel</subfield>
   <subfield code="u">http://d-nb.info/gnd/1214246222</subfield>
  </datafield>
  <datafield tag="361" ind1="1" ind2=" ">
   <subfield code="5">DE-32</subfield>
   <subfield code="y">942650719</subfield>
   <subfield code="s">LI 37810 C532</subfield>
   <subfield code="o">Vorbesitz</subfield>
   <subfield code="a">Chiarini, Paolo</subfield>
   <subfield code="0">(DE-588)119364158</subfield>
   <subfield code="0">(DE-627)080174558</subfield>
   <subfield code="0">(DE-576)160566711</subfield>
   <subfield code="f">Exemplar: Autor</subfield>
   <subfield code="f">Etikett</subfield>
   <subfield code="f">Autogramm</subfield>
  </datafield>
  <datafield tag="500" ind1=" " ind2=" ">
   <subfield code="a">Catalog of an exhibition held at the Palazzo delle esposizioni, July 14-Sept. 30, 1994</subfield>
  </datafield>
  <datafield tag="500" ind1=" " ind2=" ">
   <subfield code="a">Includes bibliographical references (p. 347-359) and index</subfield>
  </datafield>
  <datafield tag="583" ind1="1" ind2=" ">
   <subfield code="a">Archivierung/Langzeitarchivierung gewährleistet</subfield>
   <subfield code="f">SSG</subfield>
   <subfield code="x">XA-DE-BW</subfield>
   <subfield code="2">pdager</subfield>
   <subfield code="5">DE-16</subfield>
  </datafield>
  <datafield tag="600" ind1="1" ind2="0">
   <subfield code="a">Hackert, Philipp</subfield>
   <subfield code="d">1737-1807</subfield>
   <subfield code="v">Exhibitions</subfield>
  </datafield>
  <datafield tag="650" ind1=" " ind2="0">
   <subfield code="a">Landscapes in art</subfield>
   <subfield code="v">Exhibitions</subfield>
  </datafield>
  <datafield tag="651" ind1=" " ind2="0">
   <subfield code="a">Italy</subfield>
   <subfield code="x">In art</subfield>
   <subfield code="v">Exhibitions</subfield>
  </datafield>
  <datafield tag="655" ind1=" " ind2="7">
   <subfield code="a">Ausstellungskatalog</subfield>
   <subfield code="0">(DE-588)4135467-9</subfield>
   <subfield code="0">(DE-627)10566491X</subfield>
   <subfield code="0">(DE-576)209660988</subfield>
   <subfield code="2">gnd-content</subfield>
  </datafield>
  <datafield tag="655" ind1=" " ind2="7">
   <subfield code="a">Ausstellungskatalog</subfield>
   <subfield code="y">1994</subfield>
   <subfield code="z">Venedig</subfield>
   <subfield code="0">(DE-588)4135467-9</subfield>
   <subfield code="0">(DE-627)10566491X</subfield>
   <subfield code="0">(DE-576)209660988</subfield>
   <subfield code="2">gnd-content</subfield>
  </datafield>
  <datafield tag="689" ind1="0" ind2="0">
   <subfield code="d">p</subfield>
   <subfield code="0">(DE-588)118544306</subfield>
   <subfield code="0">(DE-627)133390365</subfield>
   <subfield code="0">(DE-576)208945571</subfield>
   <subfield code="a">Hackert, Jakob Philipp</subfield>
   <subfield code="d">1737-1807</subfield>
   <subfield code="2">gnd</subfield>
  </datafield>
  <datafield tag="689" ind1="0" ind2=" ">
   <subfield code="5">(DE-627)</subfield>
  </datafield>
  <datafield tag="700" ind1="1" ind2=" ">
   <subfield code="a">Chiarini, Paolo</subfield>
   <subfield code="d">1931-2012</subfield>
   <subfield code="e">Hrsg.</subfield>
   <subfield code="0">(DE-588)119364158</subfield>
   <subfield code="0">(DE-627)080174558</subfield>
   <subfield code="0">(DE-576)160566711</subfield>
   <subfield code="4">edt</subfield>
  </datafield>
  <datafield tag="700" ind1="1" ind2=" ">
   <subfield code="a">Hackert, Jakob Philipp</subfield>
   <subfield code="d">1737-1807</subfield>
   <subfield code="e">Ill.</subfield>
   <subfield code="0">(DE-588)118544306</subfield>
   <subfield code="0">(DE-627)133390365</subfield>
   <subfield code="0">(DE-576)208945571</subfield>
   <subfield code="4">ill</subfield>
  </datafield>
  <datafield tag="710" ind1="2" ind2=" ">
   <subfield code="a">Rom</subfield>
   <subfield code="0">(DE-588)4050471-2</subfield>
   <subfield code="0">(DE-627)106181963</subfield>
   <subfield code="0">(DE-576)20908751X</subfield>
   <subfield code="4">oth</subfield>
  </datafield>
  <datafield tag="710" ind1="2" ind2=" ">
   <subfield code="a">Latium</subfield>
   <subfield code="b">Assessorato al turismo</subfield>
   <subfield code="0">(DE-588)1053199-3</subfield>
   <subfield code="0">(DE-627)100262104</subfield>
   <subfield code="0">(DE-576)191457248</subfield>
   <subfield code="4">oth</subfield>
  </datafield>
  <datafield tag="710" ind1="2" ind2=" ">
   <subfield code="a">Palazzo delle Esposizioni</subfield>
   <subfield code="g">Rom</subfield>
   <subfield code="0">(DE-588)2051987-4</subfield>
   <subfield code="0">(DE-627)103100733</subfield>
   <subfield code="0">(DE-576)19199913X</subfield>
   <subfield code="4">oth</subfield>
  </datafield>
  <datafield tag="710" ind1="2" ind2=" ">
   <subfield code="a">Rom</subfield>
   <subfield code="b">Assessorato alla Cultura</subfield>
   <subfield code="0">(DE-588)120307-1</subfield>
   <subfield code="0">(DE-627)10210901X</subfield>
   <subfield code="0">(DE-576)190630396</subfield>
   <subfield code="4">oth</subfield>
  </datafield>
  <datafield tag="787" ind1="0" ind2="8">
   <subfield code="i">Rezensiert in</subfield>
   <subfield code="a">Börsch-Supan, Helmut, 1933 - </subfield>
   <subfield code="t">[Rezension von: Wolfgang Krönig, Reinhard Wegner; Jakob Philipp Hackert / Il paesaggio secondo natura / Claudia Nordhoff, Hans Reimer; Jakob Philipp Hackert 1737-1807]</subfield>
   <subfield code="d">1996</subfield>
   <subfield code="w">(DE-627)1860720285</subfield>
  </datafield>
  <datafield tag="856" ind1="4" ind2="2">
   <subfield code="u">https://swbplus.bsz-bw.de/bsz044400977inh.htm</subfield>
   <subfield code="m">B:DE-576;DE-16</subfield>
   <subfield code="q">application/pdf</subfield>
   <subfield code="v">20101125204742</subfield>
   <subfield code="x">Verlag</subfield>
   <subfield code="3">Inhaltsverzeichnis</subfield>
   <subfield code="7">1</subfield>
  </datafield>
  <datafield tag="935" ind1=" " ind2=" ">
   <subfield code="i">Blocktest</subfield>
  </datafield>
  <datafield tag="936" ind1="r" ind2="v">
   <subfield code="a">LI 37810</subfield>
   <subfield code="b">Hackert, Philipp</subfield>
   <subfield code="k">Kunstgeschichte</subfield>
   <subfield code="k">Künstler-Monografien</subfield>
   <subfield code="k">Alphabetische Künstlerliste</subfield>
   <subfield code="k">Künstler H</subfield>
   <subfield code="k">Hackert, Philipp</subfield>
   <subfield code="0">(DE-627)1271132893</subfield>
   <subfield code="0">(DE-625)rvk/96186:</subfield>
   <subfield code="0">(DE-576)201132893</subfield>
  </datafield>
  <datafield tag="936" ind1="b" ind2="k">
   <subfield code="a">20.31</subfield>
   <subfield code="j">Bildende Künstler</subfield>
   <subfield code="0">(DE-627)181571080</subfield>
  </datafield>
  <datafield tag="936" ind1="b" ind2="k">
   <subfield code="a">21.02</subfield>
   <subfield code="j">Geschichte der Malerei</subfield>
   <subfield code="0">(DE-627)106406698</subfield>
  </datafield>
  <datafield tag="936" ind1="b" ind2="k">
   <subfield code="a">20.22</subfield>
   <subfield code="j">Natur</subfield>
   <subfield code="x">Ikonographie</subfield>
   <subfield code="0">(DE-627)106406345</subfield>
  </datafield>
  <datafield tag="936" ind1="s" ind2="n">
   <subfield code="a">l300</subfield>
   <subfield code="2">mzub</subfield>
  </datafield>
  <datafield tag="951" ind1=" " ind2=" ">
   <subfield code="a">BO</subfield>
  </datafield>
  <datafield tag="990" ind1=" " ind2=" ">
   <subfield code="a">Hackert, Jakob Philipp</subfield>
  </datafield>
  <datafield tag="991" ind1=" " ind2=" ">
   <subfield code="a">Rezensiertes Werk</subfield>
  </datafield>
  <datafield tag="999" ind1=" " ind2=" ">
   <subfield code="a">KXP-PPN18566041X</subfield>
   <subfield code="e">4921489327</subfield>
  </datafield>
 </record>
</collection>
